000 00743nam a2200193 a 4500
001 BRCA_1375
005 20190320203411.0
008 900605s1986----mx-a---###---#000-0cspa-d
050 4 _aN6555
_b.F58 1986
100 1 _aFlores-Antúnez, Ignacio
_94497
245 1 0 _aEl juicio de los artistas
_cIgnacio Flores-Antúnez.
260 _aMéxico
_bTiempos Modernos
_c1986
300 _a2 v.
_bil. (algunas a color)
_c24 cm.
500 _aIncluye una entrevista realizada a Eugenio Sisto, Director del Museo Franz Mayer de 1983 a 1993
650 1 4 _aArtistas
_vEntrevistas
_ySiglo XX
_zMéxico
_94498
650 1 4 _aArtes plásticas
_vExhibición y venta
_xColeccionismo
_ySiglo XX
_zMéxico
_94499
650 1 4 _aArte mexicano
_ySiglo XX
_94500
942 _2lcc
_cB
999 _c1237
_d1237